| 000 | 00847nam a22002177a 4500 | ||
|---|---|---|---|
| 999 |
_c2933 _d2933 |
||
| 003 | AR-CdUCM | ||
| 008 | 190305b ||||| |||| 00| 0 spa d | ||
| 020 | _a0-07-042171-4 | ||
| 040 |
_aMUNICIPALIDAD PROVINCIAL DEL CUSCO _cBIBLIOTECA MUNICIPAL DEL CUSCO |
||
| 082 |
_23ed. _a330.18 / _bM58 |
||
| 100 |
_aMiller, Roger LeRoy _910070 |
||
| 245 | _aMicroeconomía / | ||
| 260 |
_aMéxico, D. F. : _bMc Graw-Hill, _c1990. |
||
| 300 |
_a703 páginas ; _c23 cm. |
||
| 505 | _aContenido: Demanda y oferta: un repaso -- Preferencias, utilidad y elección del consumidor -- Demanda del consumidor -- Investigación de los conceptos de elasticidad -- La economía del tiempo: planeación para el futuro ... | ||
| 650 |
_aEconomía _9382 |
||
| 650 |
_aMicroeconomía _910071 |
||
| 700 |
_aMeiners, Roger E. _910072 |
||
| 942 |
_2ddc _cLIBROS |
||
| 945 | _azta | ||